[Event "ISR-chT 2019"]
[Site "Israel"]
[Date "2019.02.22"]
[Round "7.7"]
[White "Sutovsky, Emil"]
[Black "Zilberman, Yaacov"]
[Result "1-0"]
[WhiteElo "2627"]
[BlackElo "2330"]
[Annotator "TA"]
[PlyCount "85"]
[EventDate "2019.01.04"]
[EventType "team-tourn"]
[EventCountry "ISR"]
[SourceTitle "playchess.com"]
[Source "ChessBase"]
[SourceQuality "1"]

{[%evp 13,85,63,72,46,40,36,59,52,44,24,33,36,41,28,45,-8,-15,-7,21,32,17,22,39,28,29,7,35,0,0,0,0,0,0,0,0,0,0,0,0,0,0,0,0,0,56,66,76,68,97,84,97,93,143,146,156,166,154,155,179,55,62,39,54,52,224,218,429,422,396,365,1195,1189,5114,517]} 1. e4 {[%cal Be2e4,Be4e5][%mdl 32]} Nf6 2. e5 Nd5 3. d4 d6 4. Nf3 c6 5. c4 Nc7 6. Nc3 dxe5 {B04: Alekhine's Defence: 4 Nf3} 7. Nxe5 Nd7 {LiveBook: 18 Games} 8. Be3 (8. f4 {is more complex.} g6 9. Be2 Nxe5 10. fxe5 Bg7 11. Be3) (8. Nf3 g6 9. Be2 Bg7 10. O-O O-O 11. Bf4 c5 12. d5 e5 13. Bg5 f6 14. Be3 Rf7 15. Ne4 Qf8 16. b4 b6 17. bxc5 Nxc5 18. Nxc5 bxc5 {1-0 (41) Navara,D (2722)-Varga,Z (2459) Bilbao 2014}) 8... g6 {White is slightly better.} 9. Nxd7 (9. f4 {is interesting.} Bg7 10. Qd2 Nxe5 11. fxe5 O-O 12. Be2) 9... Bxd7 10. Qd2 Bg7 11. Bh6 $146 ({Predecessor:} 11. Rd1 O-O 12. Bh6 Bg4 13. Bxg7 Kxg7 14. Be2 Bxe2 15. Qxe2 {1-0 (34) Moisset,G-Soppe,G (2466) Cordoba 2002}) 11... Bxh6 12. Qxh6 Bf5 13. O-O-O Qd6 14. c5 (14. Be2 $14) 14... Qf6 $11 15. Be2 g5 (15... Rg8 {feels hotter.} 16. g4 Be6 17. Qe3 O-O-O 18. h4 Rd7) 16. Qxf6 exf6 17. Bc4 Be6 18. Ne4 Ke7 19. Nd6 b5 20. Bxe6 (20. Bb3 {keeps more tension.} h5 21. h4 a5 22. Rde1 g4 23. Rhf1) 20... fxe6 21. h4 g4 22. Rhe1 h5 23. Re3 Kd7 24. Rde1 $36 {[%mdl 2048] White has good play.} Rh7 25. a4 bxa4 26. Ne4 Ke7 27. Ra3 Nb5 28. Rxa4 Rd8 (28... a5 $11) 29. Ra6 $14 Rxd4 30. Rxc6 Rc4+ 31. Kb1 Rh8 32. Nd2 Rd4 33. Rcxe6+ Kf7 34. Re7+ $1 Kg6 {[#]} 35. Ne4 $1 Rb8 {[#]} 36. Re3 (36. f4 $1 $18 {[%cal Rf4f5] f5+! would kill now.} Rxe4 37. R7xe4 (37. R1xe4 Nc3+ 38. Kc2 Nxe4 $18) 37... Nc3+ 38. Kc2 Nxe4 39. Rxe4) 36... Rb4 $1 {...Nd4 is the strong threat.} 37. Rd3 Nd4 38. Rd2 {aiming for f3.} Nf5 $2 ({Better is} 38... Nb5 $14) 39. Re6 $18 Nxh4 $2 (39... Rf8 40. Rd5 Rc4) 40. Rxf6+ Kg7 41. Re6 {Hoping for c6.} Nxg2 $2 (41... Nf5 42. c6 Nd4 43. Re7+ Kf8) 42. c6 Nf4 43. Re7+ {Precision: White = 63%, Black = 47%.} (43. Rd7+ $142 Kg8 44. Ree7 Rxb2+ 45. Kc1 Rb1+ 46. Kd2 R1b2+ 47. Ke3 Ng2+ 48. Kd4 R2b4+ 49. Kc5 R4b5+ 50. Kd6) 1-0

[Event "ISR-chT 2019"]
[Site "Israel"]
[Date "2019.02.22"]
[Round "7.8"]
[White "Erenberg, Ariel"]
[Black "Moiseenko, Alexander"]
[Result "0-1"]
[WhiteElo "2396"]
[BlackElo "2640"]
[Annotator "TA"]
[PlyCount "82"]
[EventDate "2019.01.04"]
[EventType "team-tourn"]
[EventCountry "ISR"]
[SourceTitle "playchess.com"]
[Source "ChessBase"]
[SourceQuality "1"]

{[%evp 9,82,-3,12,-8,-19,-6,18,-4,18,13,34,26,39,33,20,0,29,39,35,40,28,-17,47,16,18,47,66,8,59,41,55,61,30,7,17,5,43,14,33,41,25,30,38,24,46,0,92,31,131,146,247,215,215,209,193,193,213,61,71,70,136,157,196,204,291,277,264,-75,-70,-437,-441,-1080,-1078,-29988,-29989]} 1. d4 Nf6 2. c4 e6 3. Nf3 Bb4+ 4. Bd2 c5 5. dxc5 Bxc5 6. Nc3 {E11: Bogo-Indian} O-O 7. a3 a6 $146 ({Predecessor:} 7... d5 8. cxd5 exd5 9. b4 Bb6 10. Bg5 Be6 11. e3 h6 12. Bh4 Nc6 13. Na4 g5 {½-½ (53) Varga,Z (2558)-Babula,V (2567) Plovdiv 2003}) 8. b4 {The position is equal.} Be7 9. e4 d6 10. Be2 b6 11. Bf4 Bb7 12. Nd2 Nbd7 13. O-O Rc8 14. Qb3 Re8 15. a4 Bf8 (15... d5 $11) 16. a5 $14 bxa5 $1 17. Rxa5 h6 18. Rfa1 ({Better is} 18. Rd1 $14) 18... g6 ({Black should play} 18... Nb8 $1 $11) 19. h3 Qe7 20. Bf3 Bg7 21. Re1 Nb8 22. b5 Nfd7 23. Qa3 $36 {[%mdl 2048] Black is under pressure.} Ne5 24. Be2 {[%cal Rb5a6]} ({Much weaker is} 24. bxa6 Nxa6 25. Rb1 Nc5 $15) 24... axb5 25. Nxb5 ({Of course not} 25. cxb5 Nd3 $17) 25... Nbc6 26. Ra4 Red8 27. Be3 g5 (27... Bf8 $11) 28. Rd1 (28. Bb6 $16) 28... d5 (28... Bf8 $14) 29. Bc5 $1 $16 {[%cal Rc5e7]} Qf6 (29... Qd7 $16) 30. Nd6 Rxd6 31. Bxd6 Nd4 32. Bf1 dxe4 33. Ra7 $2 (33. c5 $18) 33... Bc6 $1 $14 34. Qe3 Nf5 (34... Nc2 $1 $14 35. Qg3 (35. Nxe4 Qf5 $17) 35... Qf4) 35. Nxe4 $16 Qg6 36. Qe1 g4 {[#]} (36... Nxd6 {was worth a try.} 37. Nxd6 Rf8) 37. Bxe5 $1 $18 Bxe5 {[#]} 38. hxg4 $2 (38. Qa5 $1 $18 {[%cal Ra5e5]} Qg7 39. Rd8+ Rxd8 40. Qxd8+ Qf8 41. Nf6+ Bxf6 42. Qxf6) 38... Qxg4 $17 39. Ng3 $2 {[%mdl 8192]} (39. Nd2 $1 $15) 39... Nxg3 $19 40. fxg3 (40. Ra3 $142 Nxf1 41. Qxf1) 40... Bxg3 41. Qd2 Qh4 {Accuracy: White = 37%, Black = 43%.} 0-1

[Event "ISR-chT 2019"]
[Site "Israel"]
[Date "2019.02.22"]
[Round "7.9"]
[White "Smirin, Ilia"]
[Black "Shachar, Ehud"]
[Result "1-0"]
[WhiteElo "2611"]
[BlackElo "2387"]
[Annotator "TA"]
[PlyCount "79"]
[EventDate "2019.01.04"]
[EventType "team-tourn"]
[EventCountry "ISR"]
[SourceTitle "playchess.com"]
[Source "ChessBase"]
[SourceQuality "1"]

{[%evp 15,79,12,14,12,59,69,65,70,87,64,79,36,46,28,58,33,74,34,190,204,211,142,147,140,187,68,65,15,0,16,0,0,0,0,0,0,90,0,145,56,470,435,684,725,715,690,650,342,991,962,864,1144,1007,1006,1359,603,575,580,557,560,1157,1172,2510,2396,2161,1941]} 1. e4 e6 2. d4 d5 3. Nc3 Bb4 4. e5 b6 5. a3 Bxc3+ 6. bxc3 Qd7 7. Nh3 Ba6 8. Bxa6 Nxa6 9. Nf4 {C16: French: 3 Nc3 Bb4 4 e5: Lines without ...c5} O-O-O 10. a4 Nb8 $146 ({Predecessor:} 10... Ne7 11. Qd3 Nb8 12. a5 Nec6 13. axb6 cxb6 14. O-O Na5 15. Nh5 Rhg8 16. Qg3 Nbc6 17. Nxg7 {0-1 (55) Nunn,J (2615)-Timman,J (2620) Cannes 1992}) 11. a5 {White is slightly better.} Nc6 12. axb6 cxb6 13. Qd3 Nge7 14. Ba3 Ng6 15. Nh5 Rhg8 16. Bd6 Qb7 $2 (16... Na5 $14) 17. c4 $18 Na5 18. cxd5 Qxd5 {[#]} 19. O-O $1 {Rfb1 is the strong threat.} Kb7 20. Rxa5 (20. Rfb1 $18 {Threatens to win with Rb5.} Nc4 21. Rb4) 20... Qxa5 $14 21. Qf3+ Qd5 {White must now prevent ...Qxf3.} 22. Qxf7+ {[%mdl 64] Double Attack} Ka8 23. Ra1 {[%csl Gf7][%cal Ra1a7]} a5 24. c3 Rc8 25. g3 Qc4 (25... Nh8 $11 26. Qd7 Ng6) 26. Bb4 (26. Nxg7 Qxc3 27. Rf1 Nf4 $11) (26. Rb1 $16 Nh8 27. Qd7) 26... Kb8 {[#]} (26... Nh8 $11 27. Qf3+ Qc6) 27. Nxg7 (27. Bc5 $1 $16 {[%mdl 512] Strongly threatening Rb1.} Qb5 (27... bxc5 28. Rb1+) 28. c4 (28. Bd6+ Ka8 $16)) 27... Qc6 $2 {[%mdl 8192]} ({Black should play} 27... Nf4 $1 $14 28. Bd6+ (28. Qxf4 Rxg7 29. Qf6 Rd7 $11) (28. gxf4 Qc6 $14) 28... Ka8 29. Qxf4 Rxg7) 28. Nxe6 $18 {[%mdl 64] Discovered Attack} Nh4 (28... Nh8 $142 29. Qe7 (29. Qxh7 Qxe6 30. Bd6+ Ka8 $16) 29... Rge8 30. Bd6+ (30. Qxh7 Rxe6 31. Bd6+ Rxd6 $15) 30... Ka8 31. Nc7+ (31. Qxh7 Rxe6 32. Qd3 Qc4 $11) 31... Rxc7 32. Qxc7 Qxc7 33. Bxc7 Kb7) 29. d5 $1 {[%cal Rd5c6]} Qb7 30. Bd6+ Ka7 31. Bc7 {Hoping for Bxb6+!} Ng6 $2 {[#]} (31... Ka8 32. c4 (32. Qxh7 Nf3+ 33. Kf1 Nxe5 $16) 32... Rg4) 32. Bxb6+ $1 {[%mdl 576] Double Attack, Pin. White is clearly winning.} Kb8 (32... Kxb6 33. Rb1+) 33. Bc7+ Rxc7 34. Nxc7 Rf8 35. Qd7 Qb6 36. Rf1 Nxe5 37. Qe7 Ng6 38. Qxh7 Rc8 {[#]} 39. d6 $1 Nf8 (39... Qxd6 40. Rb1+) 40. Qd3 {Accuracy: White = 51%, Black = 34%.} 1-0

[Event "ISR-chT 2019"]
[Site "Israel"]
[Date "2019.02.22"]
[Round "7.10"]
[White "Finkel, Alexander"]
[Black "Bar, Roman"]
[Result "1/2-1/2"]
[WhiteElo "2443"]
[BlackElo "2489"]
[Annotator "TA"]
[PlyCount "85"]
[EventDate "2019.01.04"]
[EventType "team-tourn"]
[EventCountry "ISR"]
[SourceTitle "playchess.com"]
[Source "ChessBase"]
[SourceQuality "1"]

{[%evp 13,85,5,1,14,17,4,10,-6,0,-8,0,-17,-33,-30,-22,-23,-16,-27,-26,-41,-27,-42,-42,-41,-21,-27,-34,-43,-42,-56,-38,-68,-73,-57,-29,-29,-26,-37,-37,-40,-18,-49,-41,-26,-7,-12,-8,-21,-24,-26,0,0,0,-2,0,0,0,0,0,0,0,0,0,0,0,0,0,0,0,0,0,0,0,0]} 1. e4 c5 2. c3 Nf6 3. e5 Nd5 4. Nf3 Nc6 5. Bc4 Nb6 6. Bb3 d6 7. exd6 Qxd6 8. O-O {B22: Sicilian: 2 c3} (8. Na3 a6 9. O-O Bf5 10. d4 cxd4 11. Nxd4 Nxd4 12. cxd4 e6 13. Qf3 Qd7 14. Qg3 Bg6 15. Bf4 Bxa3 16. bxa3 O-O 17. Rac1 Rac8 18. h4 Nd5 19. Bd6 Nc3 20. Rce1 {0-1 (38) Mamedov,R (2699)-Navara,D (2740) Porto Carras 2018}) 8... Be6 9. Na3 {Strongly threatening Nb5.} Bxb3 10. Qxb3 Qd3 11. Re1 e6 12. Ne5 $146 ({Predecessor:} 12. Nb5 c4 13. Qd1 O-O-O 14. b3 cxb3 15. Qxb3 Nd5 {½-½ (47) Ragger,M (2428)-Papadopoulos,I (2259) Heraklio 2004}) 12... Nxe5 13. Rxe5 Be7 14. Re3 Qd7 15. Rg3 O-O 16. d3 Rfd8 17. Qd1 Bf6 18. Qg4 Qe7 19. Bh6 g6 20. Re1 Rd5 21. Ree3 Rad8 22. Nc2 Nd7 23. Qe2 Bh4 24. Rh3 Bg5 25. Bxg5 Qxg5 26. Rhg3 Qf6 27. Ref3 Qg7 28. Ne3 Ne5 29. Nxd5 Nxf3+ 30. Rxf3 Rxd5 $11 {[%mdl 4096] Endgame KQR-KQR} 31. g3 Qe5 32. Qxe5 {The position is equal.} Rxe5 {KR-KR} 33. Kf1 Rd5 34. Ke2 Kf8 35. Rf4 b6 36. Ra4 a5 37. Ra3 Ke7 38. Rb3 Rd6 39. Ke3 Kd7 40. d4 cxd4+ 41. cxd4 Kc6 42. g4 Rd5 43. h4 {Accuracy: White = 63%, Black = 76%.} 1/2-1/2

[Event "ISR-chT 2019"]
[Site "Israel"]
[Date "2019.02.22"]
[Round "7.11"]
[White "Golod, Vitali"]
[Black "Judkovsky, Yair"]
[Result "0-1"]
[WhiteElo "2523"]
[BlackElo "2298"]
[Annotator "ChessBase"]
[PlyCount "84"]
[EventDate "2019.01.04"]
[EventType "team-tourn"]
[EventCountry "ISR"]
[SourceTitle "playchess.com"]
[Source "ChessBase"]
[SourceQuality "1"]
[TimeControl "40/5400+30:1800+30"]

1. d4 {[%emt 0:00:00]} Nf6 {[%emt 0:00:00]} 2. c4 {[%emt 0:00:22]} e6 {[%emt 0:00:00]} 3. Nc3 {[%emt 0:02:38]} Bb4 {[%emt 0:00:00]} 4. Qc2 {[%emt 0:00:14]} d5 {[%emt 0:00:34]} 5. a3 {[%emt 0:02:20]} Bxc3+ {[%emt 0:01:21]} 6. Qxc3 {[%emt 0:00:06]} O-O {[%emt 0:02:41]} 7. Nf3 {[%emt 0:02:39]} c5 {[%emt 0:14:59]} 8. dxc5 {[%emt 0:07:00]} Nc6 {[%emt 0:01:31]} 9. e3 {[%emt 0:14:01]} Ne4 {[%emt 0:06:31]} 10. Qc2 {[%emt 0:00:52]} Qa5+ {[%emt 0:05:14]} 11. Nd2 {[%emt 0:03:43]} Nxd2 {[%emt 0:09:40]} 12. Bxd2 {[%emt 0:01:06]} Qxc5 {[%emt 0:00:10]} 13. b4 {[%emt 0:03:39]} Qb6 {[%emt 0:12:50]} 14. c5 {[%emt 0:11:37]} Qc7 {[%emt 0:03:32]} 15. Be2 {[%emt 0:02:20]} e5 {[%emt 0:02:39]} 16. O-O {[%emt 0:02:35]} Be6 {[%emt 0:00:35]} 17. Qb2 {[%emt 0:03:10]} Rad8 {[%emt 0:11:58]} 18. b5 {[%emt 0:03:37]} Ne7 {[%emt 0:00:44]} 19. Bc3 {[%emt 0:05:23]} f6 {[%emt 0:01:44]} 20. Rac1 {[%emt 0:01:00]} Nf5 {[%emt 0:07:04]} 21. Rfd1 {[%emt 0:04:49]} Qf7 {[%emt 0:01:00]} 22. c6 {[%emt 0:01:55]} b6 {[%emt 0:04:06]} 23. a4 {[%emt 0:02:21]} Rfe8 {[%emt 0:03:52]} 24. a5 {[%emt 0:01:23]} Qg6 {[%emt 0:01:39]} 25. axb6 {[%emt 0:02:08]} axb6 {[%emt 0:00:08]} 26. Bb4 {[%emt 0:04:12]} d4 {[%emt 0:02:13]} 27. c7 {[%emt 0:01:15]} Rc8 {[%emt 0:00:25]} 28. Bd3 {[%emt 0:05:19]} Bd5 {[%emt 0:00:52]} 29. f3 {[%emt 0:00:51]} e4 {[%emt 0:02:09]} 30. fxe4 {[%emt 0:01:03]} Bxe4 {[%emt 0:00:55]} 31. exd4 {[%emt 0:02:34]} Ne3 {[%emt 0:00:30]} 32. Bxe4 {[%emt 0:00:15]} Rxe4 {[%emt 0:00:31]} 33. Re1 {[%emt 0:03:46]} Nxg2 {[%emt 0:01:42]} 34. Qa2+ {[%emt 0:04:31]} Kh8 {[%emt 0:00:09]} 35. Qxg2 {[%emt 0:00:44]} Rg4 {[%emt 0:00:07]} 36. Rc2 {[%emt 0:00:28]} h5 {[%emt 0:00:52]} 37. h3 {[%emt 0:00:28]} Rxg2+ {[%emt 0:00:53]} 38. Rxg2 {[%emt 0:00:03]} Qd3 {[%emt 0:00:33]} 39. Re7 {[%emt 0:02:07]} Qxd4+ {[%emt 0:00:30]} 40. Kh1 {[%emt 0:00:32]} Qxb4 {[%emt 0:01:34]} 41. Rgxg7 {[%emt 0:03:33]} Qb1+ {[%emt 0:01:09]} 42. Kh2 {[%emt 0:05:39]} Ra8 {[%emt 0:02:35]} 0-1

[Event "ISR-chT 2019"]
[Site "Israel"]
[Date "2019.02.22"]
[Round "7.12"]
[White "Aharon, Ofir"]
[Black "Kantsler, Boris"]
[Result "0-1"]
[WhiteElo "2308"]
[BlackElo "2398"]
[Annotator "NA"]
[PlyCount "94"]
[EventDate "2019.01.04"]
[EventType "team-tourn"]
[EventCountry "ISR"]
[SourceTitle "playchess.com"]
[Source "ChessBase"]
[SourceQuality "1"]
[TimeControl "40/5400+30:1800+30"]

1. e4 {[%emt 0:00:00]} d6 {[%emt 0:00:00]} 2. d4 {[%emt 0:00:00]} Nf6 {[%emt 0:00:02]} 3. Nc3 {[%emt 0:00:00]} e5 {[%emt 0:00:19]} 4. Nge2 {[%emt 0:00:22]} Nc6 {[%emt 0:01:55]} 5. h3 {[%emt 0:06:31]} Be7 {[%emt 0:09:56]} 6. g4 {[%emt 0:01:42]} d5 {[%emt 0:02:28]} 7. exd5 {[%emt 0:09:38]} Nxd5 {[%emt 0:01:55]} 8. dxe5 {[%emt 0:02:16]} Nxc3 {[%emt 0:06:13]} 9. Qxd8+ {[%emt 0:00:17]} Bxd8 {[%emt 0:00:07]} 10. Nxc3 {[%emt 0:00:11]} Nxe5 {[%emt 0:00:12]} 11. Bg2 {[%emt 0:03:51]} O-O {[%emt 0:05:14]} 12. O-O {[%emt 0:08:19]} f5 $11 {[%emt 0:09:05]} 13. f4 {[%emt 0:03:02]} Ng6 {[%emt 0:01:43]} 14. g5 {[%emt 0:01:50]} c6 {[%emt 0:01:03]} 15. Kh2 {[%emt 0:11:23]} h6 {[%emt 0:09:20]} 16. gxh6 {[%emt 0:02:25]} gxh6 {[%emt 0:03:00]} 17. Ne2 {[%emt 0:03:55]} Bf6 {[%emt 0:08:29]} 18. Ng3 {[%emt 0:01:28]} Be6 {[%emt 0:01:14]} 19. Nh5 {[%emt 0:03:21]} Bh8 {[%emt 0:00:16]} 20. Be3 {[%emt 0:00:29]} Rfe8 {[%emt 0:06:01]} 21. Rae1 {[%emt 0:05:47]} Rad8 {[%emt 0:03:58]} 22. Rg1 {[%emt 0:04:10]} Kf7 {[%emt 0:01:48]} 23. Bf1 {[%emt 0:02:13]} Bd5 {[%emt 0:05:55]} 24. Rg3 {[%emt 0:07:35]} Nh4 {[%emt 0:06:32]} 25. Be2 {[%emt 0:00:01]} Rxe3 {[%emt 0:00:19]} 26. Rxe3 {[%emt 0:00:26]} Ng2 {[%emt 0:00:01]} 27. Bd3 {[%emt 0:02:54]} Nxe1 {[%emt 0:01:48]} 28. Rxe1 {[%emt 0:00:01]} Be4 {[%emt 0:00:04]} 29. Bxe4 {[%emt 0:15:18]} fxe4 {[%emt 0:00:07]} 30. Ng3 {[%emt 0:00:19]} Rd2+ {[%emt 0:00:53]} 31. Re2 {[%emt 0:00:01]} Rxe2+ 32. Nxe2 {[%emt 0:00:01]} Bxb2 {[%emt 0:00:59]} 33. Kg2 {[%emt 0:02:55]} Ke6 {[%emt 0:01:24]} 34. Kf2 {[%emt 0:02:15]} Kd5 {[%emt 0:00:22]} 35. Ke3 {[%emt 0:00:21]} b5 {[%emt 0:00:38]} 36. f5 {[%emt 0:01:08]} Bf6 {[%emt 0:00:57]} 37. Kf4 {[%emt 0:01:14]} h5 {[%emt 0:02:09]} 38. Nc1 {[%emt 0:00:38]} c5 {[%emt 0:01:55]} 39. Ne2 {[%emt 0:00:35]} b4 {[%emt 0:00:24]} 40. Nc1 {[%emt 0:00:26]} c4 {[%emt 0:00:22]} 41. Ne2 {[%emt 0:04:41]} a5 {[%emt 0:00:19]} 42. Ke3 {[%emt 0:05:45]} Bg5+ {[%emt 0:02:18]} 43. Kf2 {[%emt 0:00:12]} Ke5 {[%emt 0:01:07]} 44. Kg2 {[%emt 0:02:16]} a4 {[%emt 0:00:40]} 45. Kg3 {[%emt 0:01:17]} b3 {[%emt 0:03:17]} 46. cxb3 {[%emt 0:01:49]} cxb3 {[%emt 0:00:04]} 47. axb3 {[%emt 0:00:51]} axb3 {[%emt 0:00:05]} 0-1

[Event "ISR-chT 2019"]
[Site "Israel"]
[Date "2019.02.22"]
[Round "7.13"]
[White "Rodshtein, Maxim"]
[Black "Zanan, Evgeny"]
[Result "1/2-1/2"]
[WhiteElo "2668"]
[BlackElo "2532"]
[Annotator "ChessBase"]
[PlyCount "94"]
[EventDate "2019.01.04"]
[EventType "team-tourn"]
[EventCountry "ISR"]
[SourceTitle "playchess.com"]
[Source "ChessBase"]
[SourceQuality "1"]
[TimeControl "40/5400+30:1800+30"]

1. c4 {[%emt 0:00:00]} Nf6 {[%emt 0:00:00]} 2. Nc3 {[%emt 0:00:13]} g6 {[%emt 0:00:00]} 3. e4 {[%emt 0:00:41]} d6 {[%emt 0:00:00]} 4. d4 {[%emt 0:00:17]} Bg7 {[%emt 0:00:00]} 5. Nge2 {[%emt 0:01:55]} O-O {[%emt 0:00:32]} 6. Ng3 {[%emt 0:00:05]} e5 {[%emt 0:00:06]} 7. d5 {[%emt 0:00:06]} a5 {[%emt 0:00:04]} 8. Be2 {[%emt 0:08:06]} Na6 {[%emt 0:00:29]} 9. h4 {[%emt 0:02:17]} h5 {[%emt 0:00:11]} 10. Bg5 {[%emt 0:00:20]} Qe8 {[%emt 0:00:09]} 11. Qd2 {[%emt 0:07:59]} Nc5 {[%emt 0:09:02]} 12. O-O-O {[%emt 0:02:05]} a4 {[%emt 0:10:19]} 13. Kb1 {[%emt 0:01:38]} Ng4 {[%emt 0:03:09]} 14. Qe1 {[%emt 0:39:49]} f6 {[%emt 0:07:23]} 15. Bc1 {[%emt 0:00:05]} f5 {[%emt 0:00:19]} 16. f3 {[%emt 0:00:53]} Nf6 {[%emt 0:00:18]} 17. Qd2 {[%emt 0:00:49]} Bd7 {[%emt 0:09:32]} 18. Qc2 {[%emt 0:02:29]} f4 {[%emt 0:06:51]} 19. Nf1 {[%emt 0:00:10]} Qe7 {[%emt 0:00:08]} 20. Bd2 {[%emt 0:12:04]} c6 {[%emt 0:01:45]} 21. Be1 {[%emt 0:00:31]} cxd5 {[%emt 0:01:50]} 22. Nxd5 {[%emt 0:00:04]} Nxd5 {[%emt 0:00:36]} 23. Rxd5 {[%emt 0:00:05]} Be6 {[%emt 0:00:34]} 24. Rd1 {[%emt 0:03:19]} b5 {[%emt 0:01:29]} 25. Bb4 {[%emt 0:01:04]} Rfc8 {[%emt 0:00:33]} 26. Nd2 {[%emt 0:01:27]} Na6 {[%emt 0:09:28]} 27. a3 {[%emt 0:00:05]} Nxb4 {[%emt 0:00:44]} 28. axb4 {[%emt 0:00:04]} Rab8 {[%emt 0:10:28]} 29. Rc1 {[%emt 0:02:22]} bxc4 {[%emt 0:01:14]} 30. Bxc4 {[%emt 0:00:14]} Kh7 {[%emt 0:08:33]} 31. b5 {[%emt 0:03:02]} Bxc4 {[%emt 0:03:39]} 32. Nxc4 {[%emt 0:00:08]} Rxb5 {[%emt 0:00:17]} 33. Qxa4 {[%emt 0:02:25]} Rbc5 {[%emt 0:04:42]} 34. Rhd1 {[%emt 0:07:08]} R8c6 {[%emt 0:03:19]} 35. Rd5 {[%emt 0:00:41]} Qc7 {[%emt 0:04:11]} 36. Rxc5 {[%emt 0:00:35]} Rxc5 {[%emt 0:00:02]} 37. Qa6 {[%emt 0:00:55]} Bf8 {[%emt 0:02:07]} 38. b4 {[%emt 0:01:05]} Rc6 {[%emt 0:00:01]} 39. Qa5 {[%emt 0:00:19]} Qb7 {[%emt 0:01:41]} 40. b5 {[%emt 0:01:49]} Rc5 {[%emt 0:02:47]} 41. Na3 {[%emt 0:09:23]} d5 {[%emt 0:07:27]} 42. Rxc5 {[%emt 0:01:41]} Bxc5 {[%emt 0:07:56]} 43. Nc2 {[%emt 0:03:05]} dxe4 {[%emt 0:00:57]} 44. fxe4 {[%emt 0:00:04]} Kh6 {[%emt 0:03:30]} 45. Qa4 {[%emt 0:00:50]} Qf7 {[%emt 0:02:33]} 46. Kb2 {[%emt 0:05:18]} Bb6 {[%emt 0:03:10]} 47. Qa8 {[%emt 0:02:24]} Kg7 {[%emt 0:02:03]} 1/2-1/2

[Event "ISR-chT 2019"]
[Site "Israel"]
[Date "2019.02.22"]
[Round "7.14"]
[White "Baron, Tal"]
[Black "Postny, Evgeny"]
[Result "0-1"]
[WhiteElo "2517"]
[BlackElo "2630"]
[Annotator "RC"]
[PlyCount "86"]
[EventDate "2019.01.04"]
[EventType "team-tourn"]
[EventCountry "ISR"]
[SourceTitle "playchess.com"]
[Source "ChessBase"]
[SourceQuality "1"]
[TimeControl "40/5400+30:1800+30"]

1. e4 {[%emt 0:03:30]} e5 {[%emt 0:00:00]} 2. Nf3 {[%emt 0:00:08]} Nc6 {[%emt 0:00:00]} 3. Bb5 {[%emt 0:00:12]} a6 {[%emt 0:00:00]} 4. Ba4 {[%emt 0:00:03]} Nf6 {[%emt 0:00:00]} 5. O-O {[%emt 0:00:26]} Be7 {[%emt 0:00:02]} 6. Re1 {[%emt 0:02:34]} b5 {[%emt 0:00:06]} 7. Bb3 {[%emt 0:00:02]} d6 {[%emt 0:00:04]} 8. c3 {[%emt 0:00:12]} Na5 {[%emt 0:00:19]} 9. Bc2 {[%emt 0:00:38]} c5 {[%emt 0:00:07]} 10. d4 {[%emt 0:02:24]} Qc7 {[%emt 0:00:05]} 11. Nbd2 {[%emt 0:05:58]} O-O {[%emt 0:01:02]} 12. b3 {[%emt 0:03:26]} Bd7 {[%emt 0:05:55]} 13. Nf1 {[%emt 0:01:58]} cxd4 {[%emt 0:04:20]} 14. cxd4 {[%emt 0:03:34]} Bg4 {[%emt 0:00:06]} 15. Ne3 {[%emt 0:17:21]} Bxf3 {[%emt 0:01:46]} 16. Qxf3 {[%emt 0:01:38]} Nc6 {[%emt 0:00:08]} 17. Bb2 {[%emt 0:15:41]} Nxd4 {[%emt 0:03:11]} 18. Bxd4 {[%emt 0:00:32]} exd4 {[%emt 0:00:07]} 19. Nf5 {[%emt 0:00:16]} g6 {[%emt 0:04:56]} 20. Nxe7+ {[%emt 0:03:05]} Qxe7 {[%emt 0:00:06]} 21. Qd3 {[%emt 0:03:47]} Rac8 {[%emt 0:02:11]} 22. Re2 {[%emt 0:04:38]} Rc3 {[%emt 0:06:36]} 23. Qxd4 {[%emt 0:00:13]} Rfc8 {[%emt 0:00:07]} 24. Bd1 {[%emt 0:06:12]} Qe5 {[%emt 0:06:46]} 25. Qxe5 {[%emt 0:01:53]} dxe5 {[%emt 0:00:06]} 26. Kf1 {[%emt 0:02:12]} Nd7 {[%emt 0:00:50]} 27. Rd2 {[%emt 0:05:21]} Nc5 {[%emt 0:04:57]} 28. Rd5 {[%emt 0:00:31]} f6 {[%emt 0:03:43]} 29. Rd6 {[%emt 0:02:04]} Nxe4 {[%emt 0:07:54]} 30. Rxa6 {[%emt 0:00:03]} Rc1 {[%emt 0:00:14]} 31. Rxc1 {[%emt 0:00:05]} Rxc1 {[%emt 0:00:04]} 32. Ke2 {[%emt 0:00:57]} b4 {[%emt 0:00:34]} 33. Ke3 {[%emt 0:03:58]} Nc3 {[%emt 0:01:18]} 34. Bf3 {[%emt 0:00:56]} e4 {[%emt 0:00:41]} 35. Bg4 {[%emt 0:00:40]} f5 {[%emt 0:00:16]} 36. Bh3 {[%emt 0:00:15]} Rc2 {[%emt 0:08:43]} 37. f3 {[%emt 0:00:18]} Nd5+ {[%emt 0:05:40]} 38. Kd4 {[%emt 0:00:03]} Rd2+ {[%emt 0:00:05]} 39. Kc4 {[%emt 0:04:58]} e3 {[%emt 0:00:17]} 40. Re6 {[%emt 0:00:38]} Kf7 {[%emt 0:06:46]} 41. Re5 {[%emt 0:30:04]} Kf6 {[%emt 0:30:20]} 42. f4 {[%emt 0:03:48]} h5 {[%emt 0:07:54]} 43. g3 {[%emt 0:00:47]} e2 {[%emt 0:00:09]} 0-1